| Tag |
First Indicator |
Second Indicator |
Subfields |
| LEADER |
00000cam a2200000 a 4500 |
| 001 |
in00000970552 |
| 005 |
20150927114124.0 |
| 008 |
850827s1985 nhuc 00000 spa c |
| 010 |
|
|
|a 85673078
|
| 019 |
|
|
|a 11439528
|a 11828369
|
| 020 |
|
|
|a 0910061238 (pbk.)
|
| 035 |
|
|
|a (OCoLC)12551718
|
| 035 |
|
|
|9 AEW8177AM
|
| 040 |
|
|
|a MH
|c HLS
|d OCL
|d MNT
|d OCL
|d m/c
|d TXA
|d UtOrBLW
|
| 043 |
|
|
|a cl-----
|
| 049 |
|
|
|a TXAM
|
| 050 |
1 |
0 |
|a PQ7081
|b .E73 1985
|
| 245 |
0 |
0 |
|a Espejo de escritores :
|b entrevistas con Borges, Cortázar, Fuentes, Goytisolo, Onetti, Puig, Rama, Rulfo, Sánchez, Vargas Llosa /
|c notas y prólogo de Reina Roffé.
|
| 250 |
|
|
|a 1a ed.
|
| 264 |
|
1 |
|a Hanover, N.H., U.S.A. (P.O. Box A 130, Hanover) :
|b Ediciones del Norte,
|c 1985.
|
| 300 |
|
|
|a xvi, 222 pages :
|b portraits ;
|c 21 cm.
|
| 336 |
|
|
|a text
|b txt
|2 rdacontent
|
| 337 |
|
|
|a unmediated
|b n
|2 rdamedia
|
| 338 |
|
|
|a volume
|b nc
|2 rdacarrier
|
| 490 |
1 |
|
|a Espejo de escritores ;
|v 504
|
| 500 |
|
|
|a "Las entrevistas ... son disponibles en cualquier formato de videocassette, individualmente o en serie"--P. 222.
|
| 650 |
|
0 |
|a Authors, Spanish American
|y 20th century
|v Interviews.
|
| 650 |
|
0 |
|a Spanish American literature
|y 20th century
|x History and criticism.
|
| 700 |
1 |
|
|a Roffé, Reina,
|d 1951-
|
| 700 |
1 |
|
|a Borges, Jorge Luis,
|d 1899-1986.
|
| 830 |
|
0 |
|a Espejo de escritores ;
|v 504.
|
| 999 |
|
|
|a MARS
|
| 999 |
f |
f |
|s a8d2efee-497e-3290-abbc-3974e28c2e63
|i 31a70651-695e-3534-bad8-ca89ec331ca8
|t 0
|
| 952 |
f |
f |
|p normal
|a Texas A&M University
|b College Station
|c Sterling C. Evans Library
|d Evans: Library Stacks
|t 0
|e PQ7081 .E73 1985
|h Library of Congress classification
|i unmediated -- volume
|m A14814969637
|
| 998 |
f |
f |
|a PQ7081 .E73 1985
|t 0
|l Evans: Library Stacks
|